00261nam a2200097Ia 4500008004100000041000800041100002400049245003400073260003700107999001900144241105s9999 xx 000 0 und d aeng aPendharkar Sangeeta aSenior Citizen Housing Nagpur bFinal Year B.Arch ID, Punec2014 c360930d360930